| 000 | 01130nam a2200229Ia 4500 | ||
|---|---|---|---|
| 001 | 9186 | ||
| 003 | GE_BSU | ||
| 008 | 181216s||||||||xx |||||||||||||| ||und|| | ||
| 040 | _cGE_BSU | ||
| 080 | _a821.353.1–32 | ||
| 100 | _aლორთქიფანიძე,კონსტანტინე | ||
| 245 | _aმოთხრობები:მოგზაური,მაისის დილა,მწვანე ღილი,უკვდავება,თერგის ყორღანებთან | ||
| 245 | _bთერგის ყორღანებთან,როგორ მოკვდა მებადური | ||
| 245 | _cრედ. დ.შენგელია,მხატვ. რ.ვაშაძე | ||
| 260 | _aთბილისი | ||
| 260 | _bსახელგამი | ||
| 260 | _c1951 | ||
| 300 | _a211გვ.ილ.1ფ.21სმ. | ||
| 653 | _aმოგზაური,მაისის დილა,მწვანე ღილი,უკვდავება,თერგის ყორღანებთან | ||
| 653 | _aმოთხრობები | ||
| 942 | _cBK | ||
| 999 |
_c42489 _d42489 |
||